| 000 | 00508nam a2200181 a 4500 | ||
|---|---|---|---|
| 005 | 20210219150702.0 | ||
| 008 | 991125s1966 bar 000 0 spa u | ||
| 035 | _aUPN01000019237 | ||
| 049 | _aC | ||
| 050 | 4 |
_aR121 E5 _b1966 |
|
| 245 | 0 | 0 |
_aEnciclopedia de la salud / _cF. Reinhard ... [et al.] |
| 260 |
_aBarcelona, Esp. : _bG. Gili, _c1966 |
||
| 300 |
_a2 v. : _bil., [2] acetatos |
||
| 650 | 4 |
_aMEDICINA- _vDICCIONARIOS |
|
| 700 | 2 |
_aReinhard, Félix, _ecoaut. |
|
| 904 |
_aAC _b019238 |
||
| 905 | _aLibro | ||
| 999 |
_c19237 _d19237 |
||